000 00633nam a2200169 i 4500
001 102376
003 ES-MaACL
007 t|
008 051110s1967 mx ||||1| spa d
245 0 3 _aUn mercado de capitales centroamericano
_b: dos estudios /
_cpor Jorge Sol Castellanos, Mauricio Baca Múñoz, Amilcar Martínez Corguera.
250 _a[1ª ed.].
260 _aMéxico, D.F. :
_bCentro de Estudios Monetarios Latinoamericanos,
_c1967.
300 _a221 p. ;
_c21 cm.
700 1 _aSol Castellanos, Jorge.
_9107039
710 2 _aCentro de Estudios Monetarios Latinoamericanos.
_9134240
852 _aES-MaACL
_jE-8344
_bR.92742
999 _c102376
_d102376